LEADER 00892naa a2200217 u 4500 001 000000094533 003 CaOOAMICUS 005 20070226130138.0 008 040503s1979 be u000 u fre u 020 $a90-6186-089-X 035 $a10993059 040 $aIAR$bita 100 1 $aLeclercq, Jean,$cO.S.B.,$d1911-1993.$0(OLS)http://pul/name/3420 245 10$aUsage et abus de la Bible au temps de la réforme grégorienne /$cJean Leclercq. 260 $aLeuven/Louvain :$bLeuven university press,$c1979. 300 $aS. 89-108, ;$c25 cm 773 0 $aThe Bible and medieval culture. 773 0 $tThe Bible and medieval culture$w()4929 996 $6020$a90-6186-089-X$9(OLS)http://pul/number/6354 996 $6245$aUsage et abus de la Bible au temps de la réforme grégorienne$9(OLS)http://pul/title/121401 996 $6260$aLeuven/Louvain :$bLeuven university press$9(OLS)http://pul/publisher/50689 LEADER 01532nam a2200337 a 4500 001 000000175952 003 CaOOAMICUS 005 20230616132406.0 008 230616s2021 it 000 u ita r 020 $a978-88-238-3790-4* 032 $aLibriCat 040 $aPUL$bita 082 14$a342.24 100 1 $aMacaluso, Fabio.$0(OLS)http://pul/name/113048 245 13$aIl Dizionario della Privacy :$b53 brevi saggi sulla protezione dei dati personali /$cFabio Macaluso, Jacopo Purificati ; prefazione di Raffaele Barberio. 260 $aMilano :$bEGEA,$c©2021. 300 $aXVII, 362 pagine ;$c24 cm. 504 $aBibliografia in nota a piè pagina. 650 4$aDiritto alla riservatezza$zEuropa.$0(OLS)http://pul/subject/40537 650 4$aDati personali (diritto)$xTutela.$0(OLS)http://pul/subject/45665 700 1 $aPurificati, Jacopo.$0(OLS)http://pul/name/113049 700 1 $aBarberio, Raffaele.$0(OLS)http://pul/name/113050 850 $aPUL 852 $aPUL$W1$xSL Diritto e Scienze Sociali 3$y79$m342. 24 MACFA 1$j200117$qDDC 21$B204898$CPULBib$Z2$F204898 $H136323 $82 941 1 $a9 960 $aPrivacy (diritto)$940537 996 $6020$a978-88-238-3790-4*$9(OLS)http://pul/number/169191 996 $6082$a342.24$9(OLS)http://pul/classification/732 996 $6245$aIl Dizionario della Privacy :$b53 brevi saggi sulla protezione dei dati personali$9(OLS)http://pul/title/217437 996 $6260$aMilano :$bEGEA$9(OLS)http://pul/publisher/61021